MARC details
| 000 -CABECERA |
| campo de control de longitud fija |
01080nam a2200265 a 4500 |
| 001 - NÚMERO DE CONTROL |
| campo de control |
000043511 |
| 003 - IDENTIFICADOR DEL NÚMERO DE CONTROL |
| campo de control |
DO-SdBNP |
| 005 - FECHA Y HORA DE LA ÚLTIMA TRANSACCIÓN |
| campo de control |
20210527130152.0 |
| 008 - DATOS DE LONGITUD FIJA--INFORMACIÓN GENERAL |
| campo de control de longitud fija |
140320s2013 dr ac 000 0 spa d |
| 020 ## - NÚMERO INTERNACIONAL ESTÁNDAR DEL LIBRO |
| Número Internacional Estándar del Libro |
9789945891607 |
| 040 ## - FUENTE DE LA CATALOGACIÓN |
| Centro catalogador/agencia de origen |
DO-SdBNP |
| Lengua de catalogación |
spa |
| Centro/agencia transcriptor |
BNPHU |
| 082 #4 - NÚMERO DE LA CLASIFICACIÓN DECIMAL DEWEY |
| Número de clasificación |
Ch863.44 |
| Número de documento/Ítem |
T686p |
| Número de edición |
22 |
| 100 1# - ENTRADA PRINCIPAL--NOMBRE DE PERSONA |
| Nombre de persona |
Toro Ghio, Germán, |
| Fechas asociadas al nombre |
1958- |
| 9 (RLIN) |
71215 |
| 245 14 - MENCIÓN DE TÍTULO |
| Título |
Los propietarios de la "Tierra de nadie" y otros relatos / |
| Mención de responsabilidad, etc. |
Germán Toro Ghio ; editado Orlando Issac. |
| 260 ## - PUBLICACIÓN, DISTRIBUCIÓN, ETC. |
| Lugar de publicación, distribución, etc. |
Santo Domingo : |
| Nombre del editor, distribuidor, etc. |
Egraf, |
| Fecha de publicación, distribución, etc. |
2013. |
| 300 ## - DESCRIPCIÓN FÍSICA |
| Extensión |
119 p. : |
| Otras características físicas |
il., retrs. ; |
| Dimensiones |
26 cm. |
| 500 ## - NOTA GENERAL |
| Nota general |
Incluye datos biográficos del autor. |
| 505 0# - NOTA DE CONTENIDO CON FORMATO |
| Título |
Navidad roja en seis escalas -- |
| -- |
Operation Just Cause -- |
| -- |
Los 50 años de Silvio Rodríguez en compañía de Fidel Castro -- |
| -- |
Los propietarios de la "Tierra de nadie" -- |
| -- |
!When I see me in the mirror, I see you! -- |
| -- |
El Nono. |
| 590 ## - NOTA LOCAL (RLIN) |
| Nota local |
Inventariado, 2020 /LP |
| 650 #4 - PUNTO DE ACCESO ADICIONAL DE MATERIA--TÉRMINO DE MATERIA |
| Término de materia o nombre geográfico como elemento de entrada |
Cuentos chilenos |
| 9 (RLIN) |
14649 |
| 650 #4 - PUNTO DE ACCESO ADICIONAL DE MATERIA--TÉRMINO DE MATERIA |
| Término de materia o nombre geográfico como elemento de entrada |
Literatura chilena |
| 9 (RLIN) |
3164 |
| 700 12 - PUNTO DE ACCESO ADICIONAL--NOMBRE DE PERSONA |
| Nombre de persona |
Issac, Orlando |
| Término indicativo de función/relación |
ed. |
| 9 (RLIN) |
71216 |
| 910 ## - DATOS DE OPCIÓN DEL USUARIO (OCLC) |
| Datos de opción del usuario |
Validado. Control de calidad EMS |
| 942 ## - ELEMENTOS DE PUNTO DE ACCESO ADICIONAL (KOHA) |
| Fuente del sistema de clasificación o colocación |
Dewey Decimal Classification |
| Tipo de ítem Koha |
Libro |